Elementos de derecho internacional privado / (Record no. 166488)

MARC details
000 -LEADER
campo de control de longitud fija 00754nam a22002055i 4500
001 - NÚMERO DE CONTROL
campo de control 166488
003 - IDENTIFICADOR DE NÚMERO DE CONTROL
campo de control ES-MaACL
005 - FECHA Y HORA DE LA ÚLTIMA TRANSACCIÓN
campo de control 20250809025222.0
008 - DATOS DE LONGITUD FIJA--INFORMACIÓN GENERAL
campo de control de longitud fija 050914s1906 sp | |||||||| ||spa d
040 ## - FUENTE DE CATALOGACIÓN
Centro catalogador/agencia de origen CAM
Lengua de catalogación spa
Centro/agencia transcriptor CAM
100 1# - ENTRADA PRINCIPAL--NOMBRE DE PERSONA
Nombre de persona Torres Campos, Manuel.
9 (RLIN) 110934
245 10 - MENCIÓN DEL TÍTULO
Título Elementos de derecho internacional privado /
Mención de responsabilidad, etc. por Manuel Torres Campos.
250 ## - MENCION DE EDICION
Mención de edición 3ª ed. corr. y aum.
260 ## - PUBLICACIÓN, DISTRIBUCIÓN, ETC.
Lugar de publicación, distribución, etc. Madrid :
Nombre del editor, distribuidor, etc. Librería de Fernando Fé,
Fecha de publicación, distribución, etc. 1906 (
Fabricante Imprenta de Fortanet)
300 ## - DESCRIPCIÓN FÍSICA
Extensión 549 p. ;
Dimensiones 19 cm.
650 07 - PUNTO DE ACCESO ADICIONAL DE MATERIA--TÉRMINO DE MATERIA
Término de materia o nombre geográfico como elemento de entrada Derecho internacional privado
Fuente del encabezamiento o término embne
9 (RLIN) 11721
700 1# - ENTRADA AGREGADA--NOMBRE PERSONAL
Nombre de persona Fé, Fernando,
Término indicativo de función/relación
9 (RLIN) 176453
852 ## - LOCALIZACIÓN
Ubicación ES-MaACL
Número de control de estantería F-12153
Nota libre - Enc. hol., conservando cub. original
-- . - Dedicatoria autógrafa del autor
Holdings
Estatus retirado Estado de pérdida Estado de daño No para préstamo Biblioteca de origen Biblioteca actual Ubicación en estantería Fecha de adquisición Fuente de adquisición Total de préstamos Signatura topográfica completa Código de barras Visto por última vez Precio de reemplazo Tipo de ítem Koha
        Biblioteca del Ateneo de Madrid Biblioteca del Ateneo de Madrid Sala Pecera Planta 2 17/01/2008     F-12153 1174613 23/02/2023 23/02/2023 Libro impreso